[Event "GBR-ch 94th"]
[Site "Great Yarmouth"]
[Date "2007.07.31"]
[Round "2"]
[White "Bonafont, Philip"]
[Black "Anderton, Matthew"]
[Result "1-0"]
[WhiteElo "2098"]
[BlackElo "2229"]
[PlyCount "59"]
[EventDate "2007.07.30"]
[EventType "swiss"]
[EventRounds "11"]
[EventCountry "ENG"]
[SourceTitle "CBM 119 Extra"]
[Source "ChessBase"]
[SourceDate "2007.09.04"]
[SourceVersion "1"]
[SourceVersionDate "2007.09.04"]
[SourceQuality "1"]

1. d4 Nf6 2. Nf3 c5 3. d5 b5 4. c4 g6 5. Nfd2 Bg7 6. e4 bxc4 7. Nc3 d6 8. Nxc4 0-0 9. Be2 Nfd7 10. 0-0 Ba6 11. Ne3 Nb6 12. a4 Bxe2 13. Qxe2 a5 14. Bd2 Na6 15. b3 Nb4 16. Rab1 e6 17. dxe6 fxe6 18. Rbd1 d5 19. Nb5 Qe7 20. Bxb4 axb4 21. exd5 exd5 22. Qd3 Rfd8 23. Rfe1 Qf7 24. h3 d4 25. Ng4 c4 26. Qg3 c3 27. Nxd4 Rxd4 28. Rxd4 Qxb3 29. Rde4 Qxa4 30. Qd6 1-0

[Event "BCF-chT2 0607 (4NCL)"]
[Site "Sunningdale"]
[Date "2007.01.13"]
[Round "5.4"]
[White "Nelson, Omowale"]
[Black "Anderton, Matthew"]
[Result "1/2-1/2"]
[WhiteElo "2086"]
[BlackElo "2220"]
[PlyCount "94"]
[EventDate "2006.09.16"]
[EventType "team"]
[EventRounds "11"]
[EventCountry "ENG"]
[SourceTitle "EXT 2008"]
[Source "ChessBase"]
[SourceDate "2007.11.25"]
[SourceVersion "1"]
[SourceVersionDate "2007.11.25"]
[SourceQuality "1"]
[WhiteTeam "Slough Sharks II"]
[BlackTeam "Guildford III"]
[WhiteTeamCountry "ENG"]
[BlackTeamCountry "ENG"]

1. d4 Nf6 2. c4 c5 3. d5 b5 4. cxb5 a6 5. bxa6 g6 6. g3 Bxa6 7. Nc3 d6 8. Bg2 Bg7 9. Nf3 0-0 10. 0-0 Nbd7 11. Qc2 Qa5 12. Rd1 Rfb8 13. Bd2 Nb6 14. b3 Bc8 15. a4 Qa6 16. e4 Bd7 17. Bf1 Qb7 18. Rab1 e6 19. dxe6 fxe6 20. Bf4 Bc6 21. Rxd6 Nxe4 22. Rxc6 Nxc3 23. Rxb6 Qxb6 24. Bxb8 Rxb8 25. Re1 Qxb3 26. Qxb3 Rxb3 27. Rxe6 Ra3 28. Bc4 Kf8 29. Ng5 Rxa4 30. Bb3 Rb4 31. Bc2 Rb2 32. Nxh7+ Kg8 33. Bxg6 Bd4 34. Nf6+ Kg7 35. Ng4 Nd1 36. Kg2 Nxf2 37. Nxf2 Rxf2+ 38. Kh3 Rf6 39. Rxf6 Kxf6 40. Bd3 Kg5 41. Kg2 Kh6 42. h4 Be5 43. g4 Bf6 44. Kg3 Be7 45. Bb5 Bd8 46. g5+ Bxg5 47. hxg5+ Kxg5 1/2-1/2